| 000 | 00651nam a22002297a 4500 | ||
|---|---|---|---|
| 999 |
_c6262 _d6262 |
||
| 003 | AR-CdUCM | ||
| 008 | 190314b ||||| |||| 00| 0 spa d | ||
| 040 |
_aMUNICIPALIDAD PROVINCIAL DEL CUSCO _cBIBLIOTECA MUNICIPAL DEL CUSCO |
||
| 041 | _hrus | ||
| 082 |
_a891.74 / _bP46 |
||
| 100 |
_aPerventsev, Arcadio _918008 |
||
| 245 | _aLa Prueba / | ||
| 260 |
_aMontevideo : _bEdiciones Pueblos Unidos, _c1945. |
||
| 300 |
_a316 páginas ; _c20 cm. |
||
| 500 | _aDonación de la familia Nieto | ||
| 650 |
_aHistoria _9136 |
||
| 650 |
_aRusia _9499 |
||
| 650 |
_aUnión Soviética _9496 |
||
| 650 |
_aSiglo XX _98 |
||
| 942 |
_2ddc _cLIBROS |
||
| 945 | _acmm | ||